Evoluční výpočetní techniky : principy a aplikace /

Saved in:
Bibliographic Details
Main Authors: Zelinka, Ivan (Author), Oplatková, Zuzana (Author), Šeda, Miloš (Author), Ošmera, Pavel (Author), Včelař, František (Author)
Format: Book
Language:Czech
Published: Praha : BEN - technická literatura, 2009
Subjects:
Tags: Add Tag
No Tags, Be the first to tag this record!

MARC

LEADER 00000nam a22000003a 4500
001 stu184677
005 20220511141139.7
008 090525s2009----xr------------------cze-d
020 |a 978-80-7300-218-3 
040 |a STU  |b slo 
041 0 |a cze 
044 |a xr 
080 |a 681.325 
080 |a 519.165 
084 |a B0260  |2 INS  |7 A000001072 
084 |a C1230  |2 INS 
084 |a C1800  |2 INS 
084 |a C4220  |2 INS 
100 1 |a Zelinka, Ivan  |4 aut 
245 1 |a Evoluční výpočetní techniky :  |b principy a aplikace /  |c Aut.: Zelinka, I. 
260 |a Praha :  |b BEN - technická literatura,  |c 2009 
300 |a 534 s. 
650 7 |a teória algoritmov  |2 stusub 
650 7 |a evolučné algoritmy  |2 stusub 
650 7 |a genetické algoritmy  |2 stusub 
700 1 |a Oplatková, Zuzana  |4 aut 
700 1 |a Šeda, Miloš  |4 aut 
700 1 |a Ošmera, Pavel  |4 aut 
700 1 |a Včelař, František  |4 aut 
996 |b 284EK88695  |c E*88695  |l EE01  |s A  |a 24  |w stu184677_0001 
996 |b 284EK88009  |c E*88009  |l EE23  |s P  |a 0  |w stu184677_0002 
996 |b 284EK87986  |c E*87986  |l EE23  |s P  |a 0  |w stu184677_0003